[Event "Mittelfrank Regionalliga Sud-West 2122"]
[Site "Mittelfranken"]
[Date "2022.03.20"]
[Round "4.6"]
[White "Reif, Michael"]
[Black "Weller, Uli"]
[Result "1-0"]
[WhiteElo "2031"]
[BlackElo "2220"]
[PlyCount "93"]
[EventDate "2021.10.24"]
[EventType "team-tourn"]
[EventRounds "9"]
[EventCountry "GER"]
[SourceTitle "EXT 2024"]
[Source "ChessBase"]
[SourceDate "2023.10.10"]
[SourceVersion "1"]
[SourceVersionDate "2023.10.10"]
[SourceQuality "1"]
[WhiteTeam "Dillingen"]
[BlackTeam "Augsburg Schachfreunde"]
[WhiteTeamCountry "GER"]
[BlackTeamCountry "GER"]

1. e4 c5 2. Nc3 Nc6 3. g3 g6 4. Bg2 Bg7 5. d3 d6 6. Nge2 e6 7. h4 Nf6 8. Bg5 h6 9. Be3 0-0 10. f3 e5 11. Qd2 Kh7 12. g4 Ng8 13. Ng3 Nd4 14. Nd5 Ne7 15. Bxh6 Nxc2+ 16. Qxc2 Nxd5 17. Bxg7 Nb4 18. Qd2 Kxg7 19. g5 f6 20. h5 fxg5 21. hxg6 Kxg6 22. Ke2 Bd7 23. Bh3 Rh8 24. Bf5+ Bxf5 25. Nxf5 Nc6 26. Rag1 Rxh1 27. Rxh1 Nd4+ 28. Kd1 Nxf5 29. exf5+ Kxf5 30. Rh6 Qd7 31. Qh2 Qa4+ 32. b3 Qb4 33. Qh3+ g4 34. Qh5+ Kf4 35. Qxg4+ Ke3 36. Qg1+ Kxd3 37. Rxd6+ Kc3 38. Qe3+ Kb2 39. Qc1+ Kxa2 40. Rd2+ Qxd2+ 41. Kxd2 Kxb3 42. Qc3+ Ka4 43. Qxc5 b5 44. Qxe5 Rd8+ 45. Kc2 Rc8+ 46. Kb2 Rc4 47. Qe3 1-0

[Event "GER-ch Net blitz qual3"]
[Site "Playchess.com INT"]
[Date "2020.03.21"]
[Round "8"]
[White "Baum, Bernhard"]
[Black "Reif, Michael"]
[Result "1-0"]
[WhiteElo "1642"]
[BlackElo "1884"]
[PlyCount "131"]
[EventDate "2020.03.21"]
[EventType "swiss (blitz)"]
[EventRounds "9"]
[EventCountry "GER"]
[SourceTitle "CBM 195 Extra"]
[Source "ChessBase"]
[SourceDate "2020.05.31"]
[SourceVersion "1"]
[SourceVersionDate "2020.05.31"]
[SourceQuality "1"]

1. d4 e6 2. Bf4 d5 3. e3 Bd6 4. Bxd6 Qxd6 5. f4 c5 6. c3 Nc6 7. Nf3 Nge7 8. Bd3 g6 9. Ne5 a6 10. 0-0 Nf5 11. Qe2 b5 12. Nd2 Bb7 13. Ndf3 Nce7 14. Ng5 f6 15. g4 fxg5 16. gxf5 gxf5 17. fxg5 Ng6 18. Qh5 0-0-0 19. Nf7 Qc7 20. Nxd8 Qxd8 21. h4 c4 22. Be2 Bc6 23. Kh2 Qd6+ 24. Kh3 Bd7 25. Qf3 e5 26. dxe5 Qxe5 27. h5 f4+ 28. Kh2 Qxg5 29. exf4 Qh4+ 30. Kg1 Rg8 31. Rf2 Nxf4+ 32. Kf1 Nh3 33. Rg2 Re8 34. Rd1 Nf4 35. Qg3 Qh1+ 36. Rg1 Qe4 37. Qf3 Nxe2 38. Qxe4 Rxe4 39. Rxd5 Nxg1 40. Kxg1 Kc7 41. Kf2 Re7 42. b3 cxb3 43. axb3 Be6 44. Rc5+ Kd6 45. b4 Bc4 46. Rg5 Re2+ 47. Kf3 Rc2 48. h6 Rxc3+ 49. Kg4 Bd3 50. Rg7 Rc4+ 51. Kg5 Rxb4 52. Ra7 Ra4 53. Ra8 Bg6 54. Kf6 Rf4+ 55. Kg5 Ra4 56. Rd8+ Ke7 57. Rb8 b4 58. Rb7+ Ke6 59. Rb6+ Ke5 60. Rxg6 hxg6 61. h7 Ra1 62. h8Q+ Ke4 63. Qxa1 Kd3 64. Qxa6+ Kc3 65. Qa2 b3 66. Qb1 1-0

[Event "Landesliga Sued 1819"]
[Site "Bayern"]
[Date "2019.02.03"]
[Round "6.8"]
[White "Reif, Michael"]
[Black "Fuchs, Harald1111"]
[Result "1/2-1/2"]
[WhiteElo "1993"]
[BlackElo "1830"]
[PlyCount "62"]
[EventDate "2018.10.21"]
[EventType "team-tourn"]
[EventRounds "9"]
[EventCountry "GER"]
[SourceTitle "EXT 2022"]
[Source "ChessBase"]
[SourceDate "2021.10.06"]
[SourceVersion "1"]
[SourceVersionDate "2021.10.06"]
[SourceQuality "1"]
[WhiteTeam "Dillingen"]
[BlackTeam "Unterhaching"]
[WhiteTeamCountry "GER"]
[BlackTeamCountry "GER"]

1. e4 c5 2. b3 Nc6 3. Bb2 d6 4. Nc3 Nf6 5. Nf3 g6 6. d3 Bg7 7. Qd2 Bg4 8. Be2 h5 9. h3 Bxf3 10. Bxf3 Nd4 11. Qd1 Qa5 12. 0-0 Nd7 13. e5 Bxe5 14. Bxb7 Rb8 15. Bd5 e6 16. f4 Bg7 17. Bc4 Nf5 18. Qe1 Ne3 19. Nd5 Qxe1 20. Raxe1 Nxf1 21. Bxg7 Rg8 22. Bc3 Ng3 23. Bb5 Kd8 24. Bxd7 exd5 25. Bc6 Kc7 26. Bxd5 Kd7 27. Kf2 h4 28. Bf6 Nf5 29. Bxf7 Rgf8 30. Be6+ Kc6 31. Bg5 Nd4 1/2-1/2